Т. 63, № 5; Радиотехника и электроника

Dettagli Bibliografici
Parent link:Радиотехника и электроника/ Российская академия наук (РАН), Отделение физических наук. Т. 63, № 5.— , 1956-
Lingua:russo
Pubblicazione: 2018
Accesso online:https://elibrary.ru/contents.asp?id=35061503
Natura: Elettronico Libro
KOHA link:https://koha.lib.tpu.ru/cgi-bin/koha/opac-detail.pl?biblionumber=578228

MARC

LEADER 00000nam2a2200000 4500
001 578228
005 20231101130436.0
035 |a (RuTPU)RU\TPU\prd\277770 
035 |a RU\TPU\prd\277178 
090 |a 578228 
100 |a 20180619a19569999k y0rusy50 ca 
101 0 |a rus 
102 |a RU 
181 0 |a i  
182 0 |a b 
200 0 |a Т. 63, № 5  |b Электронный ресурс 
203 |a Текст  |c электронный 
210 |d 2018 
461 1 |0 (RuTPU)RU\TPU\prd\325  |t Радиотехника и электроника  |f Российская академия наук (РАН), Отделение физических наук  |v Т. 63, № 5  |d 1956- 
801 0 |a RU  |b 63413507  |c 20010227  |g PSBO 
801 1 |a RU  |b 63413507  |c 20170126 
801 2 |a RU  |b 63413507  |c 20230117  |g RCR 
856 4 0 |u https://elibrary.ru/contents.asp?id=35061503 
942 |c BK